Углекислые минеральные воды северо-востока Азии: происхождение и эволюция: автореферат диссертации на соискание ученой степени доктора геолого-минералогических наук; спец. 25.00.07

Xehetasun bibliografikoak
Egile nagusia: Харитонова Н. А. Наталья Александровна
Erakunde egilea: Российская академия наук (РАН) Дальневосточное отделение (ДВО) Дальневосточный геологический институт (ДВГИ)
Beste egile batzuk: Чудаев О. В. Олег Васильевич (научный консультант)
Gaia:Заглавие с титульного экрана
Электронная версия печатной публикации
Hizkuntza:errusiera
Argitaratua: Томск, 2013
Gaiak:
Sarrera elektronikoa:http://www.lib.tpu.ru/fulltext/a/2013/12.pdf
Formatua: MixedMaterials Baliabide elektronikoa Liburua
KOHA link:https://koha.lib.tpu.ru/cgi-bin/koha/opac-detail.pl?biblionumber=234658

MARC

LEADER 00000nlm0a2200000 4500
001 234658
005 20231101231335.0
035 |a (RuTPU)RU\TPU\book\255784 
090 |a 234658 
100 |a 20130327d2013 k y0rusy50 ca 
101 0 |a rus 
102 |a RU 
105 |a a dm 000zy 
135 |a drgn ---uucaa 
181 0 |a i  
182 0 |a b 
200 1 |a Углекислые минеральные воды северо-востока Азии: происхождение и эволюция  |b Электронный ресурс  |e автореферат диссертации на соискание ученой степени доктора геолого-минералогических наук  |e спец. 25.00.07  |f Н. А. Харитонова  |g Российская академия наук (РАН), Дальневосточное отделение (ДВО), Дальневосточный геологический институт (ДВГИ) ; науч. конс. О. В. Чудаев 
203 |a Текст  |c электронный 
210 |a Томск  |d 2013 
215 |a 1 файл (2.5 Mb) 
230 |a Электронные текстовые данные (1 файл : 2.5 Mb) 
300 |a Заглавие с титульного экрана 
300 |a Электронная версия печатной публикации 
337 |a Adobe Reader 
452 1 |0 (RuTPU)RU\TPU\book\257762  |t Углекислые минеральные воды северо-востока Азии: происхождение и эволюция  |o автореферат диссертации на соискание ученой степени доктора геолого-минералогических наук  |o спец. 25.00.07  |f Н. А. Харитонова  |g Российская академия наук (РАН), Дальневосточное отделение (ДВО), Дальневосточный геологический институт (ДВГИ) ; науч. конс. О. В. Чудаев  |c Томск  |d 2013  |p 47 с.  |a Харитонова, Наталья Александровна 
606 1 |a Минеральные воды, углекислые  |2 stltpush  |3 (RuTPU)RU\TPU\subj\44055  |9 63439 
610 1 |a электронный ресурс 
610 1 |a авторефераты диссертаций 
610 1 |a Юго-Восточная Азия 
610 1 |a Дальний Восток 
610 1 |a углекислые минеральные воды 
610 1 |a гидрогеохимия 
610 1 |a геолого-литологическое строение 
610 1 |a химический состав 
610 1 |a редкоземельные элементы 
610 1 |a накопление 
610 1 |a фракционирование 
610 1 |a поверхностные воды 
610 1 |a подземные минеральные воды 
610 1 |a водовмещающие породы 
610 1 |a газовый состав 
610 1 |a тектоно-магматическая активность 
610 1 |a гидрогеохимические процессы 
610 1 |a физико-химическое моделирование 
675 |a 553.72(04)  |v 3 
686 |a 25.00.07  |2 oksvnk 
700 1 |a Харитонова  |b Н. А.  |g Наталья Александровна 
702 1 |a Чудаев  |b О. В.  |g Олег Васильевич  |4 695 
712 0 2 |a Российская академия наук (РАН)  |b Дальневосточное отделение (ДВО)  |b Дальневосточный геологический институт (ДВГИ)  |c (Владивосток)  |2 stltpush  |3 (RuTPU)RU\TPU\col\307 
801 2 |a RU  |b 63413507  |c 20130605  |g RCR 
856 4 |u http://www.lib.tpu.ru/fulltext/a/2013/12.pdf 
942 |c CF